000
00343nam a2200145Ia 4500
100
_a
Heasrt business communication
942
_c
RB
654
_a
Computer
245
_a
I C Master Vol 2 1996
260
_b
Hearst Business Communications inc
_a
New york
_c
1996
082
_a
5.74074
_b
HEA
300
_a
841
546
_a
ENGLISH
999
_c
34906
_d
34906